00694nam a22001937a 4500003000900000008004100009040007100050082001800121100003300139245003000172260005000202300002700252440002300279505011300302650002500415650001300440650001600453700003100469AR-CdUCM190327b ||||| |||| 00| 0 spa d aMUNICIPALIDAD PROVINCIAL DEL CUSCOcBIBLIOTECA MUNICIPAL DEL CUSCO a869.27 /bC24 aCambours Ocampo, Ana María aEl fervor y los relojes / aBuenos Aires :bEdiciones Deag Weight,c1969. a40 páginas ;c20 cm. aColección Storm. aContenido: Cuando se trascienden los relojes o lo eterno en claroscuro -- Retornos de amor, amistad, tierra. aLiteratura Argentina aSiglo XX aBiografía aFernández, Albino (tapa)